[Event "Asia-chT rapid 5th"]
[Site "Ashkhabad"]
[Date "2017.09.25"]
[Round "3.1"]
[White "Al Huwar, Jasem"]
[Black "Vakhidov, Jahongir"]
[Result "0-1"]
[WhiteElo "2275"]
[BlackElo "2518"]
[PlyCount "70"]
[EventDate "2017.09.25"]
[EventType "team-swiss (rapid)"]
[EventRounds "5"]
[EventCountry "TKM"]
[SourceTitle "EXT 2018"]
[Source "ChessBase"]
[SourceDate "2017.10.13"]
[SourceVersion "1"]
[SourceVersionDate "2017.10.13"]
[SourceQuality "1"]
[WhiteTeam "United Arab Emirates"]
[BlackTeam "Uzbekistan"]
[WhiteTeamCountry "UAE"]
[BlackTeamCountry "UZB"]

1. Nf3 g6 2. g3 Bg7 3. Bg2 e5 4. e4 Ne7 5. 0-0 0-0 6. d4 exd4 7. Nxd4 d6 8. c4 Nbc6 9. Be3 Ne5 10. Qe2 Ng4 11. Nc3 Re8 12. Rad1 Nxe3 13. Qxe3 Bd7 14. Qc1 Rb8 15. Rfe1 a6 16. b3 b5 17. Nd5 Rc8 18. Nxe7+ Qxe7 19. cxb5 axb5 20. Nc6 Bxc6 21. Qxc6 b4 22. Bf1 Ra8 23. Re2 Ra5 24. Rc2 Bc3 25. Bb5 Rb8 26. Rd5 Qxe4 27. Re2 Qf3 28. Re3 Qf6 29. Bc4 Rxa2 30. Be2 Bd4 31. Rf3 Qe7 32. Rxd4 Qxe2 33. Rff4 Ra1+ 34. Kg2 Qf1+ 35. Kf3 Qh1+ 0-1

[Event "Asian Indoor Games 5th"]
[Site "Ashkhabad"]
[Date "2017.09.24"]
[Round "7"]
[White "Al Huwar, Jasem"]
[Black "Najjar, Ahmad"]
[Result "1-0"]
[WhiteElo "2275"]
[BlackElo "2255"]
[PlyCount "107"]
[EventDate "2017.09.21"]
[EventType "swiss"]
[EventRounds "7"]
[EventCountry "TKM"]
[SourceTitle "CBM 180 Extra"]
[Source "ChessBase"]
[SourceDate "2017.10.06"]
[SourceVersion "1"]
[SourceVersionDate "2017.10.06"]
[SourceQuality "1"]

1. Nf3 g6 2. d4 Nf6 3. c4 Bg7 4. Nc3 0-0 5. e4 d6 6. Be2 Bg4 7. 0-0 Nc6 8. d5 Bxf3 9. Bxf3 Nb8 10. Be3 Nfd7 11. Qd2 Nb6 12. Be2 e5 13. b4 N8d7 14. c5 Nc8 15. c6 bxc6 16. dxc6 Ndb6 17. a4 Ne7 18. a5 Nbc8 19. Ba6 Nxc6 20. Bb7 N8e7 21. Bxa8 Qxa8 22. Nd5 Nxd5 23. exd5 Ne7 24. Rfd1 a6 25. Rac1 Qb7 26. Qd3 Nf5 27. Rc6 Ra8 28. Qc4 Nxe3 29. fxe3 Bh6 30. Rd3 Rb8 31. Rb3 Qa7 32. Kf2 Rb7 33. Qh4 Kg7 34. Qc4 Bg5 35. Qxa6 Qb8 36. Qc4 f5 37. a6 Ra7 38. Rc3 Kh6 39. b5 Qe8 40. e4 Qf7 41. Rxc7 Be7 42. Rh3+ Kg7 43. Rxa7 Bh4+ 44. Rxh4 Qxa7+ 45. Ke2 f4 46. Rh3 h5 47. Kf1 Qb6 48. Ra3 Qa7 49. Rc3 Kh6 50. h4 Qb6 51. Ra3 Qd8 52. a7 Qxh4 53. Kg1 f3 54. Rxf3 1-0

[Event "Asian Indoor Games 5th"]
[Site "Ashkhabad"]
[Date "2017.09.23"]
[Round "5"]
[White "Al Huwar, Jasem"]
[Black "Jumabayev, Rinat"]
[Result "0-1"]
[WhiteElo "2275"]
[BlackElo "2602"]
[PlyCount "90"]
[EventDate "2017.09.21"]
[EventType "swiss"]
[EventRounds "7"]
[EventCountry "TKM"]
[SourceTitle "CBM 180 Extra"]
[Source "ChessBase"]
[SourceDate "2017.10.06"]
[SourceVersion "1"]
[SourceVersionDate "2017.10.06"]
[SourceQuality "1"]

1. Nf3 Nf6 2. g3 g6 3. b3 d6 4. d4 c5 5. Bb2 cxd4 6. Nxd4 Qa5+ 7. Qd2 Qd5 8. Nf3 Qxd2+ 9. Nbxd2 Bg7 10. Bg2 0-0 11. 0-0 Nc6 12. Nd4 Bd7 13. Nxc6 Bxc6 14. c4 Rfc8 15. Rac1 a5 16. a4 Nd7 17. Bxg7 Kxg7 18. Rc3 Ra6 19. Re3 Kf8 20. Rd1 Rb6 21. f4 Nc5 22. Rc1 Rb4 23. Rcc3 e6 24. Rc1 h6 25. Bf3 Ke7 26. Kg2 f5 27. Re1 Kf6 28. Rc3 e5 29. Bxc6 bxc6 30. e4 Rcb8 31. exf5 gxf5 32. fxe5+ dxe5 33. Rce3 Rd8 34. R1e2 e4 35. Rf2 Kg6 36. Rfe2 h5 37. h4 Rb7 38. Rc3 Kf6 39. Rf2 Rbd7 40. Nf1 Rd3 41. Rxd3 Rxd3 42. Rd2 Ke5 43. Re2 Rxb3 44. Ne3 Rc3 45. Kh2 Ne6 0-1

[Event "Asian Indoor Games 5th"]
[Site "Ashkhabad"]
[Date "2017.09.22"]
[Round "3"]
[White "Al Huwar, Jasem"]
[Black "Al Sayed, Mohammed"]
[Result "1/2-1/2"]
[WhiteElo "2275"]
[BlackElo "2510"]
[PlyCount "60"]
[EventDate "2017.09.21"]
[EventType "swiss"]
[EventRounds "7"]
[EventCountry "TKM"]
[SourceTitle "CBM 180 Extra"]
[Source "ChessBase"]
[SourceDate "2017.10.06"]
[SourceVersion "1"]
[SourceVersionDate "2017.10.06"]
[SourceQuality "1"]

1. Nf3 d5 2. g3 g6 3. Bg2 Bg7 4. d4 Nd7 5. 0-0 Ngf6 6. c4 dxc4 7. Na3 Nb6 8. Nxc4 Nxc4 9. Qa4+ c6 10. Qxc4 0-0 11. e3 Be6 12. Qe2 Bd5 13. b3 a5 14. Ba3 a4 15. b4 Ne4 16. Rfc1 Nd6 17. Bb2 a3 18. Bc3 Re8 19. Rab1 Be4 20. Rb3 Bd5 21. Rbb1 Be4 22. Rb3 Nb5 23. Ba1 Bd5 24. Rbb1 Be4 25. Rb3 Bd5 26. Rbb1 Be4 27. Rb3 Bd5 28. Rbb1 Be4 29. Rb3 Nd6 30. Bc3 Bd5 1/2-1/2

[Event "Asian Indoor Games 5th"]
[Site "Ashkhabad"]
[Date "2017.09.21"]
[Round "2"]
[White "Al Huwar, Jasem"]
[Black "Begmuratov, Alisher"]
[Result "1/2-1/2"]
[WhiteElo "2275"]
[BlackElo "2403"]
[PlyCount "115"]
[EventDate "2017.09.21"]
[EventType "swiss"]
[EventRounds "7"]
[EventCountry "TKM"]
[SourceTitle "CBM 180 Extra"]
[Source "ChessBase"]
[SourceDate "2017.10.06"]
[SourceVersion "1"]
[SourceVersionDate "2017.10.06"]
[SourceQuality "1"]

1. Nf3 d5 2. g3 Bg4 3. Bg2 Nd7 4. h3 Bxf3 5. Bxf3 Ngf6 6. d4 e5 7. dxe5 Nxe5 8. Bg2 Bc5 9. 0-0 0-0 10. Nc3 c6 11. e4 dxe4 12. Nxe4 Nxe4 13. Bxe4 Qb6 14. Qh5 Ng6 15. a3 Rae8 16. Bd3 Re5 17. Qf3 Rfe8 18. b4 Bd4 19. c3 Re1 20. cxd4 Qxd4 21. Ra2 Ne5 22. Bxh7+ Kxh7 23. Qh5+ Kg8 24. Rxe1 Nf3+ 25. Qxf3 Rxe1+ 26. Kh2 Rxc1 27. Re2 Qd7 28. Qf4 Rd1 29. Qb8+ Kh7 30. Qf4 f6 31. Qh4+ Kg6 32. Qe4+ Kf7 33. Qe3 Rd3 34. Qxa7 Kg6 35. Qc5 Rxa3 36. Qc2+ Qd3 37. Qxd3+ Rxd3 38. Re7 b5 39. Rc7 Rc3 40. g4 Kh6 41. Kg2 g5 42. Rd7 Rc4 43. Rc7 Kg6 44. Kg3 f5 45. gxf5+ Kxf5 46. f3 Ke6 47. Rg7 Rxb4 48. Rg6+ Kd7 49. Rxg5 Rb1 50. h4 b4 51. h5 b3 52. Rg7+ Kc8 53. Kf4 Rh1 54. Rg2 Rxh5 55. Rb2 Rb5 56. Ke4 Kc7 57. Kd4 Rb4+ 58. Kc3 1/2-1/2

[Event "Asian Indoor Games 5th"]
[Site "Ashkhabad"]
[Date "2017.09.21"]
[Round "1"]
[White "Sadorra, Julio Catalino"]
[Black "Al Huwar, Jasem"]
[Result "1/2-1/2"]
[WhiteElo "2574"]
[BlackElo "2275"]
[PlyCount "89"]
[EventDate "2017.09.21"]
[EventType "swiss"]
[EventRounds "7"]
[EventCountry "TKM"]
[SourceTitle "CBM 180 Extra"]
[Source "ChessBase"]
[SourceDate "2017.10.06"]
[SourceVersion "1"]
[SourceVersionDate "2017.10.06"]
[SourceQuality "1"]

1. d4 g6 2. c4 Bg7 3. e4 d6 4. Nc3 Nf6 5. Nf3 0-0 6. Be2 e5 7. d5 a5 8. Bg5 h6 9. Bh4 Qe8 10. Nd2 Na6 11. 0-0 Nc5 12. Kh1 g5 13. Bg3 Nfxe4 14. Ndxe4 Nxe4 15. Nxe4 f5 16. Nc3 f4 17. Bd3 Bf5 18. Bxf5 Rxf5 19. Ne4 b6 20. f3 fxg3 21. hxg3 Qh5+ 22. Kg1 g4 23. fxg4 Rxf1+ 24. Kxf1 Qh1+ 25. Kf2 Rf8+ 26. Ke3 Qxg2 27. Qe2 Qh3 28. Kd2 Bf6 29. Kc2 Be7 30. Rg1 Rf7 31. a3 Bd8 32. Kb3 Be7 33. Ka4 Bd8 34. Kb3 Be7 35. Ka2 Bd8 36. Qd1 Be7 37. Ka1 Bd8 38. Rh1 Qg2 39. Qb1 Be7 40. g5 h5 41. g6 Rf3 42. Qd1 Rf5 43. Qb1 Rf3 44. Qd1 Rf5 45. Qb1 1/2-1/2

[Event "UAE-ch"]
[Site "Sharjah"]
[Date "2017.08.10"]
[Round "7"]
[White "Omar, Noaman"]
[Black "Al Huwar, Jasem"]
[Result "1-0"]
[WhiteElo "2355"]
[BlackElo "2266"]
[PlyCount "73"]
[EventDate "2017.08.04"]
[EventType "tourn"]
[EventRounds "7"]
[EventCountry "UAE"]
[SourceTitle "CBM 179 Extra"]
[Source "ChessBase"]
[SourceDate "2017.08.23"]
[SourceVersion "1"]
[SourceVersionDate "2017.08.23"]
[SourceQuality "1"]

1. d4 g6 2. c4 Bg7 3. e4 d6 4. Nc3 Nf6 5. Nf3 0-0 6. Be2 e5 7. d5 a5 8. Bg5 h6 9. Be3 Ng4 10. Bd2 f5 11. h3 Nf6 12. exf5 gxf5 13. Qc1 f4 14. g3 e4 15. Nh4 e3 16. fxe3 fxg3 17. Ng6 Re8 18. Qc2 Na6 19. 0-0-0 Nb4 20. Qb3 Bf5 21. Nf4 Bc2 22. Qa3 Bxd1 23. Rxd1 Qd7 24. Rg1 Qf5 25. Qb3 Ne4 26. Bg4 Nxd2 27. Kxd2 Qf6 28. Be6+ Rxe6 29. dxe6 Qg5 30. Ne4 Qe5 31. Rxg3 Qxe4 32. Qc3 Qe5 33. Qxe5 dxe5 34. Nh5 Rd8+ 35. Ke2 Kf8 36. Rxg7 Nc6 37. Rf7+ 1-0

[Event "Warsaw Najdorf Memorial op-A 15th"]
[Site "Warsaw"]
[Date "2017.07.16"]
[Round "8"]
[White "Al Huwar, Jasem"]
[Black "Baltic, Fatih"]
[Result "1-0"]
[WhiteElo "2275"]
[BlackElo "2210"]
[PlyCount "69"]
[EventDate "2017.07.09"]
[EventType "swiss"]
[EventRounds "9"]
[EventCountry "POL"]
[SourceTitle "CBM 179 Extra"]
[Source "ChessBase"]
[SourceDate "2017.08.23"]
[SourceVersion "1"]
[SourceVersionDate "2017.08.23"]
[SourceQuality "1"]

1. Nf3 Nf6 2. g3 b6 3. Bg2 Bb7 4. 0-0 g6 5. d3 Bg7 6. e4 d6 7. Nc3 0-0 8. Nh4 Nfd7 9. f4 e6 10. f5 Nc6 11. Be3 Nd4 12. Qd2 exf5 13. exf5 Bxg2 14. Qxg2 c6 15. Ne4 d5 16. f6 Nxf6 17. Nxf6+ Bxf6 18. Qf2 Bxh4 19. Bxd4 Bg5 20. h4 Be7 21. Rae1 c5 22. Be3 f5 23. Bh6 Bf6 24. Qf3 Rf7 25. Re6 Qd7 26. Rfe1 Rd8 27. Qe2 Bg7 28. Bg5 Rdf8 29. c3 Bf6 30. Bh6 Bg7 31. Bf4 Bf6 32. Rd6 Qb7 33. Bh6 Re7 34. Rxf6 Rfe8 35. Qxe7 1-0